The anti-grammar (Grammar book) : A teacher's resource book of discovery activities for grammar teaching

This book is a grammar resource book providing alternative and supplementary material to present and practise verb forms in the present, past, and fulture.

Na minha lista:
Detalhes bibliográficos
Autor principal: Hall, Nick
Formato: Livro
Idioma:Undetermined
Publicado em: Essex, UK Longman 1995
Assuntos:
Tags: Adicionar Tag
Sem tags, seja o primeiro a adicionar uma tag!
Thư viện lưu trữ: Trung tâm Học liệu Trường Đại học Cần Thơ
LEADER 00828nam a2200229Ia 4500
001 CTU_35180
008 210402s9999 xx 000 0 und d
020 |b 30.000đ 
082 |a 428.24 
082 |b H178 
100 |a Hall, Nick 
245 4 |a The anti-grammar (Grammar book) : 
245 2 |b A teacher's resource book of discovery activities for grammar teaching 
245 0 |c Nick Hall, John Shepheard 
260 |a Essex, UK 
260 |b Longman 
260 |c 1995 
520 |a This book is a grammar resource book providing alternative and supplementary material to present and practise verb forms in the present, past, and fulture. 
650 |a English language,English language 
650 |x Grammar,Textbooks for foreign speakers 
904 |i Minh 
980 |a Trung tâm Học liệu Trường Đại học Cần Thơ